[Event "DEN-ch Kort 1-1"]
[Site "Svendborg"]
[Date "2019.04.14"]
[Round "2"]
[White "Moller, Albert Mechlenburg"]
[Black "Oehlerich, Per"]
[Result "1/2-1/2"]
[WhiteElo "1874"]
[BlackElo "1933"]
[PlyCount "56"]
[EventDate "2019.04.13"]
[EventType "swiss"]
[EventRounds "5"]
[EventCountry "DEN"]
[SourceTitle "EXT 2020"]
[Source "ChessBase"]
[SourceDate "2019.10.17"]
[SourceVersion "1"]
[SourceVersionDate "2019.10.17"]
[SourceQuality "1"]

1. c4 g6 2. Nc3 Bg7 3. g3 d6 4. Bg2 Nf6 5. d4 Nbd7 6. e3 0-0 7. Nge2 e5 8. 0-0 Ne8 9. b3 f5 10. Ba3 e4 11. Rc1 c6 12. f3 exf3 13. Bxf3 Ndf6 14. Nf4 Nc7 15. e4 fxe4 16. Nxe4 Nxe4 17. Bxe4 Ne6 18. Nxe6 Rxf1+ 19. Kxf1 Bxe6 20. d5 Bh3+ 21. Bg2 Bxg2+ 22. Kxg2 c5 23. Rc2 Qd7 24. Bb2 Bxb2 25. Rxb2 Re8 26. Re2 Rxe2+ 27. Qxe2 Kf7 28. Qe4 Qe7 1/2-1/2

[Event "DEN-ch Kort 1-1"]
[Site "Svendborg"]
[Date "2019.04.14"]
[Round "3"]
[White "Nielsen, Aage Sondergaard"]
[Black "Moller, Albert Mechlenburg"]
[Result "1-0"]
[WhiteElo "1911"]
[BlackElo "1874"]
[PlyCount "45"]
[EventDate "2019.04.13"]
[EventType "swiss"]
[EventRounds "5"]
[EventCountry "DEN"]
[SourceTitle "EXT 2020"]
[Source "ChessBase"]
[SourceDate "2019.10.17"]
[SourceVersion "1"]
[SourceVersionDate "2019.10.17"]
[SourceQuality "1"]

1. e4 c5 2. Nc3 d6 3. f4 Nc6 4. Nf3 g6 5. Bb5 a6 6. Bxc6+ bxc6 7. 0-0 Bg7 8. d3 e6 9. Qe2 Ne7 10. Be3 0-0 11. Rab1 Rb8 12. Nd1 Qa5 13. a3 Re8 14. Bd2 Qb6 15. Kh1 Rb7 16. Bc3 Qc7 17. Bxg7 Kxg7 18. Nf2 Qb8 19. Qd2 Kg8 20. Ng4 Rd8 21. f5 h5 22. Qh6 hxg4 23. f6 1-0

[Event "Nordic-ch U20"]
[Site "Borgarnes"]
[Date "2019.02.17"]
[Round "5"]
[White "Apol, Luitjen Akselsson"]
[Black "Moller, Albert Mechlenburg"]
[Result "1-0"]
[WhiteElo "1854"]
[BlackElo "1845"]
[PlyCount "59"]
[EventDate "2019.02.14"]
[EventType "swiss"]
[EventRounds "6"]
[EventCountry "ISL"]
[SourceTitle "CBM 189 Extra"]
[Source "ChessBase"]
[SourceDate "2019.06.03"]
[SourceVersion "1"]
[SourceVersionDate "2019.06.03"]
[SourceQuality "1"]

1. e4 c5 2. Nf3 d6 3. d4 cxd4 4. Nxd4 Nf6 5. Nc3 g6 6. Be3 Bg7 7. f3 Nc6 8. Qd2 0-0 9. 0-0-0 d5 10. exd5 Nxd5 11. Nxc6 bxc6 12. Bd4 Nxc3 13. Qxc3 Bh6+ 14. Be3 Bxe3+ 15. Qxe3 Qc7 16. Bc4 a5 17. h4 Ba6 18. Bxa6 Rxa6 19. h5 a4 20. Qd4 c5 21. Qc4 Rfa8 22. hxg6 Rxg6 23. Rxh7 Rg7 24. Rxg7+ Kxg7 25. Qg4+ Kf8 26. Qe4 Ra7 27. Qh4 e6 28. Rd8+ Kg7 29. Qg5+ Kh7 30. Rg8 1-0

[Event "Nordic-ch U20"]
[Site "Borgarnes"]
[Date "2019.02.17"]
[Round "6"]
[White "Moller, Albert Mechlenburg"]
[Black "Dale, Gunnar Brandshaug"]
[Result "0-1"]
[WhiteElo "1845"]
[BlackElo "1889"]
[PlyCount "74"]
[EventDate "2019.02.14"]
[EventType "swiss"]
[EventRounds "6"]
[EventCountry "ISL"]
[SourceTitle "CBM 189 Extra"]
[Source "ChessBase"]
[SourceDate "2019.06.03"]
[SourceVersion "1"]
[SourceVersionDate "2019.06.03"]
[SourceQuality "1"]

1. c4 e6 2. Nc3 d5 3. d4 Nf6 4. g3 Be7 5. Bg2 0-0 6. e3 c6 7. Nge2 Nbd7 8. 0-0 dxc4 9. Qc2 Qc7 10. Ne4 e5 11. Qxc4 Nxe4 12. Bxe4 Nf6 13. Bg2 Be6 14. Qc2 Rfd8 15. b3 exd4 16. Nxd4 Bd5 17. Bb2 Bxg2 18. Kxg2 Nd5 19. a3 Bf6 20. Rad1 Rd7 21. Rd3 Rad8 22. Rfd1 c5 23. Nb5 Qc6 24. e4 Ne3+ 25. Rxe3 Rxd1 26. Bxf6 Qxf6 27. Qc4 R1d2 28. Rf3 Qe6 29. Nxa7 Qxc4 30. bxc4 Rc2 31. Rb3 Rdd2 32. Rxb7 Rxf2+ 33. Kg1 Rg2+ 34. Kf1 g6 35. Rb1 Rxh2 36. Kg1 Rhg2+ 37. Kh1 Rxg3 0-1

[Event "Nordic-ch U20"]
[Site "Borgarnes"]
[Date "2019.02.16"]
[Round "4"]
[White "Moller, Albert Mechlenburg"]
[Black "Shehzad, Shazil Khan"]
[Result "1/2-1/2"]
[WhiteElo "1845"]
[BlackElo "1959"]
[PlyCount "126"]
[EventDate "2019.02.14"]
[EventType "swiss"]
[EventRounds "6"]
[EventCountry "ISL"]
[SourceTitle "CBM 189 Extra"]
[Source "ChessBase"]
[SourceDate "2019.06.03"]
[SourceVersion "1"]
[SourceVersionDate "2019.06.03"]
[SourceQuality "1"]

1. c4 c5 2. Nc3 Nf6 3. g3 e6 4. Bg2 Nc6 5. e3 b6 6. Nge2 Bb7 7. d4 d6 8. 0-0 Be7 9. d5 exd5 10. Nxd5 Nxd5 11. Bxd5 Bf6 12. a3 0-0 13. Rb1 Qc7 14. b3 Rad8 15. Bb2 Bxb2 16. Rxb2 Ne7 17. Bxb7 Qxb7 18. Nc3 a6 19. Rd2 Qc7 20. a4 Rd7 21. Nd5 Nxd5 22. Rxd5 Rfd8 23. Qd3 Re7 24. Rd1 Re6 25. e4 Qe7 26. Re1 f6 27. f3 g6 28. Rd1 Kf7 29. Qd2 Kg7 30. h4 Qd7 31. Kg2 h6 32. g4 Qe7 33. a5 bxa5 34. Qxa5 Re8 35. Qc3 Kh7 36. Qc2 Kg7 37. h5 g5 38. Qd2 Rd8 39. Rxc5 Rb8 40. Rd5 Rxb3 41. Rxd6 Rxd6 42. Qxd6 Qxd6 43. Rxd6 Rc3 44. Rd7+ Kg8 45. Rd6 Kg7 46. Rxa6 Rxc4 47. Ra3 Rc2+ 48. Kg3 Rc1 49. Kf2 Rb1 50. Ke3 Rd1 51. Rd3 Ra1 52. Kd4 Kf7 53. Kd5 Ra5+ 54. Kc6 Ra6+ 55. Kb7 Ra1 56. Rd7+ Ke6 57. Rh7 Rf1 58. Rxh6 Rxf3 59. Rh8 Rg3 60. h6 Kf7 61. h7 Kg7 62. Rf8 Kxh7 63. Rxf6 Rxg4 1/2-1/2

[Event "Nordic-ch U20"]
[Site "Borgarnes"]
[Date "2019.02.15"]
[Round "1"]
[White "Soderstrom, Adrian"]
[Black "Moller, Albert Mechlenburg"]
[Result "1-0"]
[WhiteElo "2138"]
[BlackElo "1845"]
[PlyCount "101"]
[EventDate "2019.02.14"]
[EventType "swiss"]
[EventRounds "6"]
[EventCountry "ISL"]
[SourceTitle "CBM 189 Extra"]
[Source "ChessBase"]
[SourceDate "2019.06.03"]
[SourceVersion "1"]
[SourceVersionDate "2019.06.03"]
[SourceQuality "1"]

1. d4 Nf6 2. c4 g6 3. Nc3 d5 4. cxd5 Nxd5 5. e4 Nxc3 6. bxc3 Bg7 7. Bc4 c5 8. Ne2 0-0 9. 0-0 Nc6 10. Be3 Na5 11. Bd3 cxd4 12. cxd4 e5 13. d5 f5 14. f3 b6 15. Rc1 Bd7 16. Nc3 Nb7 17. Nb5 Bxb5 18. Bxb5 Nd6 19. Bd3 Rc8 20. Qa4 Qe7 21. Qb4 f4 22. Bf2 Bf6 23. Ba6 Rc7 24. a4 Qd8 25. Rc6 Rxc6 26. dxc6 Qc7 27. Rd1 Rd8 28. Bc4+ Kg7 29. Bd5 Nc8 30. a5 Be7 31. axb6 Nxb6 32. Qc3 a5 33. Kh1 Bb4 34. Bxb6 Qxb6 35. Qxe5+ Kh6 36. Qxf4+ Kg7 37. Qf7+ Kh6 38. Qf4+ Kg7 39. Qe5+ Kh6 40. g4 Bd6 41. Qc3 Rf8 42. e5 Bb4 43. Qc2 Qc7 44. Qe4 Be7 45. Rb1 Rb8 46. Rg1 Rb2 47. Qf4+ Kg7 48. Qf7+ Kh6 49. g5+ Bxg5 50. Qxc7 Bf4 51. Rg3 1-0

[Event "Odense-ch Basis 7"]
[Site "Odense"]
[Date "2016.10.14"]
[Round "4"]
[White "Hojland, Jeppe"]
[Black "Moller, Albert Mechlenburg"]
[Result "1-0"]
[WhiteElo "1440"]
[BlackElo "1466"]
[PlyCount "45"]
[EventDate "2016.10.14"]
[EventType "tourn"]
[EventRounds "5"]
[EventCountry "DEN"]
[SourceTitle "EXT 2024"]
[Source "ChessBase"]
[SourceDate "2023.10.10"]
[SourceVersion "1"]
[SourceVersionDate "2023.10.10"]
[SourceQuality "1"]

1. c4 Nf6 2. Nc3 g6 3. g3 Bg7 4. Bg2 0-0 5. Nf3 d6 6. 0-0 a6 7. d4 c5 8. b3 Nc6 9. Bb2 Bf5 10. d5 Nb8 11. Qd2 Qc8 12. Rfe1 Bh3 13. e4 Bxg2 14. Kxg2 Nbd7 15. e5 Qc7 16. exf6 Bxf6 17. Ne4 Kg7 18. Nxf6 Nxf6 19. Re4 h5 20. Rae1 Rfe8 21. Qg5 Rab8 22. Nh4 Qd7 23. Rf4 1-0